Freedom of the Christian: (Record no. 5718)

000 -LEADER
fixed length control field 00677nam a2200205 a 4500
001 - CONTROL NUMBER
control field :::00003460$&:&@@
003 - CONTROL NUMBER IDENTIFIER
control field OkBaRHE
005 - DATE AND TIME OF LATEST TRANSACTION
control field 20000607103305.0
008 - FIXED-LENGTH DATA ELEMENTS--GENERAL INFORMATION
fixed length control field s1965 j 000 0 eng u
040 ## - CATALOGING SOURCE
Transcribing agency
100 1# - MAIN ENTRY--PERSONAL NAME
Personal name Mackay, B. S.
245 10 - TITLE STATEMENT
Title Freedom of the Christian:
Remainder of title Galatians and Romans.
260 ## - PUBLICATION, DISTRIBUTION, ETC. (IMPRINT)
Place of publication, distribution, etc London, UK:EN., :
Name of publisher, distributor, etc Lutterworth Press
Date of publication, distribution, etc 1965
300 ## - PHYSICAL DESCRIPTION
Extent 96 p. ;
Dimensions 20 cm.
490 0# - SERIES STATEMENT
Series statement Bible guides, v. 16.
650 ## - SUBJECT ADDED ENTRY--TOPICAL TERM
Topical term or geographic name as entry element Bible New Testament Galatians
General subdivision Introductions
650 ## - SUBJECT ADDED ENTRY--TOPICAL TERM
Topical term or geographic name as entry element Bible New Testament Romans
General subdivision Introductions
942 ## - ADDED ENTRY ELEMENTS (KOHA)
Source of classification or shelving scheme
Koha item type Books
Copies
Barcode Damaged status Source of classification or shelving scheme Full call number Not for loan Shelving location Date last seen Price effective from Lost status Permanent Location Koha item type Copy number Date acquired Withdrawn status
3460  BS 2665.2 .M22 General Stacks2018-03-282010-04-14 RHEMA Bible Training CollegeBooks12010-04-14